000 00654nam a22001935i 4500
001 167865
003 ES-MaACL
005 20230906213619.0
008 050929s1893 xxu | |||||||| ||eng d
040 _aCAM
_bspa
_cCAM
100 1 _aWard, Lester F.
_9116081
245 1 4 _aThe psychic factors of civilization /
_cby Lester F. Ward.
260 _aBoston, USA :
_bGinn & Company,
_c1893 (
_fThe Athenaeum Press)
300 _aXXI, 369 p. ;
_c24 cm.
710 2 _aGinn & Company,
_eed.
_9134415
710 2 _aThe Athenaeum Press,
_eimp.
_9134969
752 _aEstados Unidos de América -
_dBoston
852 _aES-MaACL
_jG-10450
_z-- Enc. tela marrón
999 _c167865
_d167865